| 000 | 01115nam2a22002771 4500 | ||
|---|---|---|---|
| 001 | rc\4123277 | ||
| 005 | 20250611101123.0 | ||
| 021 |
_aRU _b[53-12297] |
||
| 035 | _a(NLR Aleph) 008153268 | ||
| 090 |
_a7783395 _c7783395 |
||
| 100 | _a20130415d1953 |||y0rusy50 ca | ||
| 101 | 0 | _arus | |
| 102 | _aRU | ||
| 105 | _aab z ||||| | ||
| 200 | 0 |
_a[Ч. 1] _eДля 8 класса _fЧл.-кор. АН СССР А.В. Ефимов |
|
| 205 | _a12-е изд. | ||
| 210 |
_d1953 _aБ. м. |
||
| 215 |
_a240 с., 12 отд. л. карт. _cил., карт. |
||
| 461 | 0 |
_1001rc\4123276 _12001#$aНовая история$eУчебник для сред. школы$e[Ч. 1]-$v[Ч. 1] _97783393 _cМосква _d1953 _nУчпедгиз _oУчебник для сред. школы : [Ч. 1]- _tНовая история _v[Ч. 1] |
|
| 701 | 1 |
_4070 _7ca _8rus _aЕфимов _bА. В. _cд-р ист. наук _f1896-1971 _gАлексей Владимирович _9256224 _3RU\NLR\AUTH\770256280 |
|
| 801 | 0 |
_aRU _bNLR _gpsbo |
|
| 801 | 1 |
_aRU _bELAR _2rusmarc |
|
| 852 |
_aNLR _jИ24 Г-5/134 |
||
| 942 | _cBOOK | ||
| 980 | _aNB | ||